|
|
|
|
| LEADER |
01358nam a2200301 a 4500 |
| 001 |
18301 |
| 003 |
BD-DhAAL |
| 008 |
090405s1993 nyua b 001 0 eng d |
| 999 |
|
|
|c 56
|d 56
|
| 010 |
|
|
|a 92021130
|
| 020 |
|
|
|a 0471574465 (alk. paper)
|
| 040 |
|
|
|a DLC
|c DLC
|d DLC
|d BD-DhAAL
|
| 082 |
0 |
0 |
|a 621.38456
|2 20
|
| 100 |
1 |
|
|a Lee, William C. Y.
|9 41194
|
| 245 |
1 |
0 |
|a Mobile communications design fundamentals /
|c William C.Y. Lee.
|
| 250 |
|
|
|a Second edition
|
| 260 |
|
|
|a New York :
|b Wiley,
|c c1993.
|
| 300 |
|
|
|a xix, 372 pages :
|b illustrations ;
|c 25 cm.
|
| 490 |
|
0 |
|a Wiley series in telecommunications
|
| 500 |
|
|
|a "A Wiley-Interscience publication."
|
| 504 |
|
|
|a Includes bibliographical references and index.
|
| 541 |
1 |
|
|e 18301, 18302, 18303
|
| 650 |
|
0 |
|a Mobile communication systems
|x Design.
|9 41195
|
| 852 |
|
|
|a Ayesha Abed Library
|j General Stacks
|
| 942 |
|
|
|2 ddc
|c BK
|
| 952 |
|
|
|0 0
|1 0
|2 ddc
|4 0
|6 621_384560000000000_LEE_1993
|7 0
|9 51
|a BRACUL
|b BRACUL
|c GEN
|d 2009-04-28
|l 0
|o 621.38456 LEE
|p 3010018301
|r 2009-04-28
|t 1
|w 2009-04-28
|y BK
|
| 952 |
|
|
|0 0
|1 0
|2 ddc
|4 0
|6 621_384560000000000_LEE_1993
|7 0
|9 10320
|a BRACUL
|b BRACUL
|c GEN
|d 2010-05-18
|l 0
|o 621.38456 LEE
|p 3010018303
|r 2010-05-18
|t 3
|w 2010-05-18
|y BK
|
| 952 |
|
|
|0 0
|1 0
|2 ddc
|4 0
|6 621_384560000000000_LEE_1993
|7 0
|9 10651
|a BRACUL
|b BRACUL
|c GEN
|d 2010-06-03
|l 0
|o 621.38456 LEE
|p 3010018302
|r 2010-06-03
|t 2
|w 2010-06-03
|y BK
|